LIBRARY & INFORMATION CENTRE, KCAET, TAVANUR

ONLINE PUBLIC ACCESS CATALOGUE (OPAC)

Electric Machines / (Record no. 1478)

MARC details
000 -LEADER
fixed length control field 00438cam a2200169ua 4500
003 - CONTROL NUMBER IDENTIFIER
control field OSt
008 - FIXED-LENGTH DATA ELEMENTS--GENERAL INFORMATION
fixed length control field 241218b |||||||| |||| 00| 0 eng d
020 ## - INTERNATIONAL STANDARD BOOK NUMBER
ISBN 9780070699670
082 ## - DEWEY DECIMAL CLASSIFICATION NUMBER
Classification number 621.31042
Item number NAG/EL
100 ## - MAIN ENTRY--AUTHOR NAME
Personal name Kothari D.P .
100 ## - MAIN ENTRY--AUTHOR NAME
Personal name Nagrath I.J .
245 ## - TITLE STATEMENT
Title Electric Machines /
250 ## - EDITION STATEMENT
Edition statement / 4
260 ## - PUBLICATION, DISTRIBUTION, ETC. (IMPRINT)
Place of publication New Delhi :
Name of publisher Tata Mc-Graw Hill Publishing Company ,
Year of publication 2014
300 ## - PHYSICAL DESCRIPTION
Number of Pages 684 ; .914
942 ## - ADDED ENTRY ELEMENTS (KOHA)
Koha item type Books
Holdings
Withdrawn status Lost status Damaged status Home library Current library Date acquired Full call number Accession Number Koha item type Collection code Shelving location Source of acquisition Cost, normal purchase price
      KAUAET KAUAET 07/04/2012 621.31042 NAG/EL 18743 Books        
      KAUAET KAUAET 07/04/2012 621.31042 NAG/EL 18742 Books        
      KAUAET KAUAET 31/03/2012 621.31042 NAG/EL 22467 Books Non-fiction General Stacks    
      KAUAET KAUAET 18/08/2016 621.31042 NAG/EL BB 406 Book Bank scheme for SC students   Scheme Penta Books Distributors, Calicut. 595.00
      KAUAET KAUAET 27/08/2016 621.31042 NAG/EL BB 369 Book Bank scheme for SC students   Scheme Dream Tech Publishers & Book Sellers, Thiruvanathapuram. 750.00
      KAUAET KAUAET 29/05/2018 621.31042 NAG/EL BB 386 Book Bank scheme for SC students        
      KAUAET KAUAET 29/05/2018 621.31042 NAG/EL BB 385 Book Bank scheme for SC students       595.00
free website counter